Colonia de Moçambique, territoire de Manica et Sofala (Record no. 109680)

MARC details
000 -LEADER
campo de control de longitud fija 00722nam a2200181 i 4500
001 - NÚMERO DE CONTROL
campo de control 109680
003 - IDENTIFICADOR DE NÚMERO DE CONTROL
campo de control ES-MaACL
005 - FECHA Y HORA DE LA ÚLTIMA TRANSACCIÓN
campo de control 20230906184904.0
007 - CAMPO FIJO DE DESCRIPCIÓN FÍSICA--INFORMACIÓN GENERAL
campo de control de longitud fija t|
008 - DATOS DE LONGITUD FIJA--INFORMACIÓN GENERAL
campo de control de longitud fija 061121s1931 po r ||||1| por d
245 00 - MENCIÓN DEL TÍTULO
Título Colonia de Moçambique, territoire de Manica et Sofala
Resto del título : (sous l'administration de la `Companhia de Moçambique`) (Administration et Finances).
260 ## - PUBLICACIÓN, DISTRIBUCIÓN, ETC.
Lugar de publicación, distribución, etc. Lisboa :
Nombre del editor, distribuidor, etc. Socièdade Nacional de Tipografia,
Fecha de publicación, distribución, etc. 1931.
300 ## - DESCRIPCIÓN FÍSICA
Extensión 15 p., [8] h. de lám. ;
Dimensiones 24 cm.
500 ## - NOTA GENERAL
Nota general En port.: Édition pour L'Exposition Coloniale Internationale de 1931 à Paris.
651 #4 - PUNTO DE ACCESO ADICIONAL DE MATERIA--NOMBRE GEOGRÁFICO
Nombre geográfico Mozambique.
9 (RLIN) 137265
711 2# - ENTRADA AGREGADA--NOMBRE DE REUNIÓN
Nombre de congreso/reunión o jurisdicción como elemento de entrada Exposition Coloniale Internationale (
Fecha del congreso o de la firma del tratado 1931.
Sede del congreso/Lugar de la reunión Paris)
9 (RLIN) 163648
852 ## - LOCALIZACIÓN
Ubicación ES-MaACL
Número de control de estantería 1821-F-17
Holdings
Estatus retirado Estado de pérdida Estado de daño No para préstamo Colección Biblioteca de origen Biblioteca actual Ubicación en estantería Fecha de adquisición Fuente de adquisición Total de préstamos Signatura topográfica completa Código de barras Visto por última vez Precio de reemplazo Tipo de ítem Koha
        Colección de folletos Biblioteca del Ateneo de Madrid Biblioteca del Ateneo de Madrid Depósito folletos 17/01/2008     1821-F-17 1114438 23/02/2023 23/02/2023 Folleto